000 00459nam a2200181Ia 4500
001 9826
005 20260306161747.0
008 260306t2009||||xx |||||||||||||| ||spa||
041 _aESP
082 _a465
_bR31 T. 1
100 _aReal Academia de la Lengua Española
_eAUT
245 0 _aNueva gramática de la lengua española:
_bmorfología. Sintaxis I
260 _c2009
300 _a
_c
650 _aGEN
654 _aCHU
942 _cLIB
_dJUS
_fJUS
_2ddc
_n
999 _c9826
_d9826